00810 2200253 4500001002100000005001500021035002000036007000300056008004100059020002200100082001000122084001600132100002200148245007800170250002000248260003100268300005100299650001600350700006100366700004200427700004000469700002300509856002400532INLIS00000000114195520220202022915 a0010-0222000642ta220202 g 0 ind  a978-979-376-42445 a004.6 a004.6 RIA t0 aRianingsih Djohan1 aTeknik fasilitasi partisipatif pendamping masyarakat /cRianingsih Djohan aCetakan Pertama ajakarta :bBAPPENAS,c2007 a137 halaman :bILUSTRASI ;c16 x 24 cmekertas 4aFasilitator0 aEditor; Rianingsih Johan, Dwi Joko Widyanto, Riza Irfani0 aReview; Vira Ramelan, Budhi Suprianto0 aKontributor; Suhardi, Sutiah,Munsir0 aIlustrator; Wahono aPerpustakaan Khusus